Statistics for Led Zeppelin Charting Songs (Billboard Hot 100)

Click here to take the quiz!

General Stats

  • This quiz has been taken 28 times
  • The average score is 5 of 10

Answer Stats

AlbumWeeks OnPeakSong% Correct
Untitled (Led Zeppelin IV)12 Weeks#15Black Dog
100%
Led Zeppelin II15 Weeks#4Whole Lotta Love
78%
Led Zeppelin III13 Weeks#16Immigrant Song
72%
Untitled (Led Zeppelin IV)7 Weeks#47Rock and Roll
67%
Houses of the Holy16 Weeks#20D'yer Mak'er
50%
Led Zeppelin4 Weeks#80Good Times Bad Times
50%
In Through the Out Door13 Weeks#21Fool in the Rain
39%
Physical Graffiti7 Weeks#38Trampled Under Foot
28%
Houses of the Holy8 Weeks#51Over the Hills and Far Away
28%
Led Zeppelin II5 Weeks#65Living Loving Maid (She's Just a Woman)
6%

Score Distribution

Percentile by Number Answered

Percent of People with Each Score

Your Score History

You have not taken this quiz